[Event "Castilla La Mancha Men & Veterans"]
[Site "Guadalajara"]
[Date "2012.08.04"]
[Round "5.5"]
[White "Palomino Menendez, Salvador"]
[Black "Alarcon Angulo, Francisco"]
[Result "1-0"]
[WhiteElo "2054"]
[BlackElo "1638"]
[PlyCount "69"]
[EventDate "2012.08.02"]
[EventType "swiss"]
[EventRounds "6"]
[EventCountry "ESP"]
[SourceTitle "EXT 2024"]
[Source "ChessBase"]
[SourceDate "2023.10.10"]
[SourceVersion "1"]
[SourceVersionDate "2023.10.10"]
[SourceQuality "1"]

1. e4 d5 2. exd5 Qxd5 3. c4 Qa5 4. Nf3 Nf6 5. Nc3 c6 6. d4 Bg4 7. Bd3 e6 8. Bd2 Qc7 9. Qe2 Bxf3 10. gxf3 Nbd7 11. 0-0-0 0-0-0 12. Kb1 Bd6 13. h4 Bf4 14. Be3 g6 15. b4 Bxe3 16. fxe3 e5 17. c5 exd4 18. exd4 Nh5 19. d5 cxd5 20. Nb5 Qf4 21. c6 Qxb4+ 22. Ka1 Nc5 23. cxb7+ Kb8 24. Qh2+ Qf4 25. Qf2 Qf6+ 26. Kb1 Qb6 27. Qh2+ Kxb7 28. Ka1 Qf6+ 29. Qb2 Qxb2+ 30. Kxb2 Nxd3+ 31. Rxd3 Nf4 32. Rb3 Rb8 33. Rc1 Ne6 34. Nc7+ Kc8 35. Na6+ 1-0